Fundamentos y ensayos crt̕icos de derecho penal y procesal penal

Bibliographic Details
Main Author: Ambos, Kai
Format: eBook
Language:Spanish
Published: Lima : Editorial Palestra, 2010
Subjects:
Online Access:Acceso restringido

MARC

LEADER 00000nam a22000007a 4500
005 20120626132910.0
007 cr|||| ||||
008 120626s2010 pe |||||s|||| 00||0 spa d
020 |a 978-612-4047-21-3 
035 |a 6463 
040 |a vLex 
090 |c 3244  |d 3244 
100 1 |a Ambos, Kai 
245 1 0 |a Fundamentos y ensayos crt̕icos de derecho penal y procesal penal  |h [Recurso electrn̤ico] /  |c Kai Ambos  
256 |a Servicio en ln̕ea 
260 |a Lima :  |b Editorial Palestra,  |c 2010 
300 |a 1 recurso electrn̤ico 
506 1 |a Contenido solo disponible en los productos indicados  |d vLex Global   |d vLex Global (Academic Edition, excluding Law Schools)   |d vLex Global (U.S. Academic Edition, Law Schools)   |d vLex Global (U.S. Academic Edition, excluding Law Schools)   |d vLex Global (Academic Edition, Law Schools)  
650 0 4 |a Derecho penal  |z Per︢ 
650 0 4 |a Derecho procesal  |z Per︢ 
740 0 |a vLex Libros (Servicio en ln̕ea) 
856 4 0 |u http://vlex.com/source/fundamentos-ensayos-criticos-derecho-penal-procesal-penal-6463  |z Acceso restringido 
942 |c BOOK 
999 0 |a Procedure (Law) 
999 0 |a Criminal law